000 01124nam a2200349 a 4500
001 000011016
003 DO-SdBNP
005 20231211112300.0
007 000011016
008 091013t2017 dr 001 p spa d
020 _a9789945883190
040 _aBPMU
_bspa
_cBPMSU
082 4 _aRD863.5
_bM492p 2017
_222
100 1 _aMedrano, Marianela
_d1964-
245 0 0 _aPrietica /
_cMarianela Medrano ; ilustraciones Claudia Rodríguez
_b
260 0 _aSanto Domingo :
_bGrupo Santillana,
_c2017
300 _a72 p. ;
_c22 cm.
490 0 _aNaranja,
_aLoqueleo
590 _aInventariado, 2023/VM
650 4 _aCuentos infantiles dominicanos
_x
650 4 _aLiteratura infantil dominicana
700 1 _a Rodríguez, Claudia
_eilustraciones
_d
700 1 2 _aMedrano, Manianela,
_d1964-
700 1 2 _aSánchez, Carmen,
_d1960-
700 1 2 _aArias, Aurora,
_d1962-
700 1 2 _aHernández, Ángela,
_d1945 -
700 1 2 _aRomán, Sabrina,
_d1956-
700 1 2 _aSantos, Yrene,
_d1964-
710 2 2 _aUniversidad Autónoma de Santo Domingo
910 _aVMateo V. Control de calidad.BPMSU
942 _2ddc
_cBK
999 _c14508
_d14508